| 000 | 00548nam a2200169 a 4500 | ||
|---|---|---|---|
| 001 | 000037847 | ||
| 005 | 20201002031127.0 | ||
| 008 | 130307s2011 mx 000 0 spa d | ||
| 020 | _a9685146721 | ||
| 040 |
_aDO-SdBNP _bspa _cBNPHU |
||
| 100 | 1 |
_aRousseau, Juan Jacobo _951225 |
|
| 245 | 1 | 3 |
_aEl contrato social / _cJuan Jacobo Rousseau. |
| 260 |
_aMéxico : _bEdiciones Leyenda, _c2011. |
||
| 300 |
_a110 p. ; _c22 cm. |
||
| 500 | _aIncluye datos biográficos del autor en la solapa de la cubierta | ||
| 500 | _aIncluye notas al pie de las páginas | ||
| 999 |
_c37337 _d37337 |
||